| 000 | 00982nam a2200253 i 4500 | ||
|---|---|---|---|
| 999 |
_c20021 _d20021 |
||
| 005 | 20200104041801.0 | ||
| 008 | 130212t20132009nyua frb 000 0 eng d | ||
| 020 | _a9780226054735 | ||
| 040 |
_aCO-BoIAVH _cCO-BoIAVH |
||
| 041 | 0 | _aeng | |
| 044 | _axxu | ||
| 082 | 0 | 4 |
_a581.9 _bH91e |
| 100 | 1 |
_aHumboldt, Alexander von, _d1769-1859, _eautor |
|
| 245 | 1 | 0 |
_aEssay on the geography of plants : _cAlexander von Humboldt and Aime Bonpland ; edited with an introduction by Stephen T. Jackson ; translated by Sylvie Romanowski. |
| 260 |
_aChicago (EEUU) : _bThe University of Chicago , _c2009. |
||
| 300 |
_axx, 274 páginas : _bIlustraciones ; _c23 x 15 cm |
||
| 504 | _aIncluye referencias bibliográficas. | ||
| 650 | 0 | _aFitogeografía | |
| 650 | 0 | _aEcología vegetal | |
| 700 | 1 |
_aBonpland, Aimé, _d1773-1858, _eautor. |
|
| 700 | 1 |
_aJackson, Stephen T., _eeditor. |
|
| 700 | 1 |
_aRomanowski, Sylvie, _etraductor. |
|
| 942 |
_2ddc _cLIBRO |
||